<?xml version="1.0" encoding="UTF-8"?>
<record
    xmlns:xsi="http://www.w3.org/2001/XMLSchema-instance"
    xsi:schemaLocation="http://www.loc.gov/MARC21/slim http://www.loc.gov/standards/marcxml/schema/MARC21slim.xsd"
    xmlns="http://www.loc.gov/MARC21/slim">

  <leader>04194cam a2200337   4500500</leader>
  <controlfield tag="005">20260208025213.0</controlfield>
  <datafield tag="041" ind1=" " ind2=" ">
    <subfield code="a">fre</subfield>
  </datafield>
  <datafield tag="042" ind1=" " ind2=" ">
    <subfield code="a">dc</subfield>
  </datafield>
  <datafield tag="100" ind1="1" ind2="0">
    <subfield code="a">Markovits, Rahul</subfield>
    <subfield code="e">author</subfield>
  </datafield>
  <datafield tag="245" ind1="0" ind2="0">
    <subfield code="a">L'incendie de la com&#xE9;die de Gen&#xE8;ve (1768)&#xA0;: Rousseau, Voltaire et l'imp&#xE9;rialisme culturel fran&#xE7;ais</subfield>
  </datafield>
  <datafield tag="260" ind1=" " ind2=" ">
    <subfield code="c">2009.
							</subfield>
  </datafield>
  <datafield tag="500" ind1=" " ind2=" ">
    <subfield code="a">27</subfield>
  </datafield>
  <datafield tag="520" ind1=" " ind2=" ">
    <subfield code="a">R&#xC9;SUM&#xC9;Dans la nuit du 29 au 30&#xA0;janvier&#xA0;1768, la com&#xE9;die de Gen&#xE8;ve, &#xE9;difi&#xE9;e &#xE0; peine deux ans plus t&#xF4;t &#xE0; la demande des pl&#xE9;nipotentiaires &#xE9;trangers intervenus pour mettre fin aux troubles politiques opposant depuis&#xA0;1762 les &#xAB; n&#xE9;gatifs &#xBB; aux &#xAB; repr&#xE9;sentants &#xBB;, fut consum&#xE9;e par les flammes. Vraisemblablement d&#x2019;origine accidentelle, l&#x2019;incendie fut pourtant qualifi&#xE9; d&#x2019; &#xAB; attentat &#xBB; par le r&#xE9;sident de France &#xE0; Gen&#xE8;ve, Pierre-Michel Hennin, qui, de m&#xEA;me que Voltaire depuis Ferney, en attribuait la responsabilit&#xE9; aux repr&#xE9;sentants. Pour comprendre la force symbolique dont s&#x2019;&#xE9;tait ainsi retrouv&#xE9; investi le th&#xE9;&#xE2;tre dans le contexte genevois, on propose ici une double recontextualisation de l&#x2019;&#xE9;v&#xE9;nement. D&#x2019;une part &#xE0; court terme, comme un &#xE9;pisode de la crise politique genevoise des ann&#xE9;es&#xA0;1766-1768&#xA0;; d&#x2019;autre part &#xE0; moyen terme, comme un prolongement de la querelle du th&#xE9;&#xE2;tre allum&#xE9;e une dizaine d&#x2019;ann&#xE9;es auparavant par d&#x2019;Alembert lorsqu&#x2019;il avait sugg&#xE9;r&#xE9; aux Genevois, dans le fameux article &#xAB; Gen&#xE8;ve &#xBB; de l&#x2019; Encyclop&#xE9;die, d&#x2019;accueillir la com&#xE9;die en leur sein. &#xC0; la crois&#xE9;e de ces deux contextes, politique et litt&#xE9;raire, on sera conduit &#xE0; mettre en valeur la port&#xE9;e et la r&#xE9;ception genevoises, souvent m&#xE9;connues, de la Lettre &#xE0; d&#x2019;Alembert de Rousseau, et d&#xE8;s lors &#xE0; montrer que l&#x2019;opposition au th&#xE9;&#xE2;tre &#xE0; Gen&#xE8;ve prend la forme d&#x2019;une d&#xE9;nonciation, au nom de l&#x2019;identit&#xE9; genevoise, d&#x2019;un &#xAB; imp&#xE9;rialisme culturel &#xBB; fran&#xE7;ais. La com&#xE9;die, loin de n&#x2019;&#xEA;tre qu&#x2019;un simple &#xAB; amusement de classes &#xBB;, appara&#xEE;t d&#xE8;s lors &#xE0; la fois comme le symbole et le levier de cet imp&#xE9;rialisme culturel, mis en branle par Voltaire en &#xE9;troite collaboration avec le r&#xE9;sident Hennin au nom de la fonction civilisatrice attribu&#xE9;e &#xE0; la com&#xE9;die.</subfield>
  </datafield>
  <datafield tag="520" ind1=" " ind2=" ">
    <subfield code="a">ABSTRACT On the night of the 29th&#xA0;of January&#xA0;1768, the Geneva theatre was destroyed by fire. It had been built two years previously to answer the wishes of the foreign plenipotentiaries sent into the city to put an end to the political strife which had been pitting the n&#xE9;gatifs against the repr&#xE9;sentants ever since&#xA0;1762. The fire, even though it was probably accidental, was immediately considered by most to be a politically motivated act of arson. The French r&#xE9;sident in Geneva, Pierre-Michel Hennin, as well as Voltaire from neighbouring Ferney, were convinced that the repr&#xE9;sentants were to blame for it. The aim of this article is thus to understand what the theatre stood for in the political context of mid eighteenth-century Geneva. In the short term, the fire was an important moment in the final days of the ongoing political crisis. In the longer run, it was a new episode in the quarrel which had originated ten years earlier when d&#x2019;Alembert, in his famous &#xAB; Geneva &#xBB; article in the Encyclop&#xE9;die, had suggested that Geneva have a permanent stage. The uncovering of the oft neglected Genevan dimension of Rousseau&#x2019;s Lettre &#xE0; d&#x2019;Alembert points to the fact that far from being only a &#xAB; class amusement &#xBB;, the theatre in Geneva came to be perceived as a symbol and tool of French &#xAB; cultural imperialism &#xBB; as practised by Voltaire and Hennin with the aim of &#xAB; civilizing &#xBB; the inhabitants of Geneva.</subfield>
  </datafield>
  <datafield tag="690" ind1=" " ind2=" ">
    <subfield code="a">civilisation</subfield>
  </datafield>
  <datafield tag="690" ind1=" " ind2=" ">
    <subfield code="a">Gen&#xE8;ve</subfield>
  </datafield>
  <datafield tag="690" ind1=" " ind2=" ">
    <subfield code="a">r&#xE9;publicanisme</subfield>
  </datafield>
  <datafield tag="690" ind1=" " ind2=" ">
    <subfield code="a">Rousseau</subfield>
  </datafield>
  <datafield tag="690" ind1=" " ind2=" ">
    <subfield code="a">th&#xE9;&#xE2;tre</subfield>
  </datafield>
  <datafield tag="690" ind1=" " ind2=" ">
    <subfield code="a">Voltaire</subfield>
  </datafield>
  <datafield tag="690" ind1=" " ind2=" ">
    <subfield code="a">XVIIIe&#xA0;si&#xE8;cle</subfield>
  </datafield>
  <datafield tag="690" ind1=" " ind2=" ">
    <subfield code="a">18th&#xA0;Century</subfield>
  </datafield>
  <datafield tag="690" ind1=" " ind2=" ">
    <subfield code="a">Civilization</subfield>
  </datafield>
  <datafield tag="690" ind1=" " ind2=" ">
    <subfield code="a">Geneva</subfield>
  </datafield>
  <datafield tag="690" ind1=" " ind2=" ">
    <subfield code="a">Republicanism</subfield>
  </datafield>
  <datafield tag="690" ind1=" " ind2=" ">
    <subfield code="a">Rousseau</subfield>
  </datafield>
  <datafield tag="690" ind1=" " ind2=" ">
    <subfield code="a">Theatre</subfield>
  </datafield>
  <datafield tag="690" ind1=" " ind2=" ">
    <subfield code="a">Voltaire</subfield>
  </datafield>
  <datafield tag="786" ind1="0" ind2=" ">
    <subfield code="n">Revue historique | 652 | 4 | 2009-12-01 | p. 831-873 | 0035-3264</subfield>
  </datafield>
  <datafield tag="856" ind1="4" ind2="1">
    <subfield code="u">https://shs.cairn.info/revue-historique-2009-4-page-831?lang=fr&amp;redirect-ssocas=7080</subfield>
  </datafield>
  <datafield tag="999" ind1=" " ind2=" ">
    <subfield code="c">1661862</subfield>
    <subfield code="d">1661862</subfield>
  </datafield>
</record>
